<?xml version="1.0" encoding="UTF-8"?><?xml-stylesheet type="text/xsl" href="static/style.xsl"?><OAI-PMH xmlns="http://www.openarchives.org/OAI/2.0/" xmlns:xsi="http://www.w3.org/2001/XMLSchema-instance" xsi:schemaLocation="http://www.openarchives.org/OAI/2.0/ http://www.openarchives.org/OAI/2.0/OAI-PMH.xsd"><responseDate>2026-06-07T16:21:40Z</responseDate><request verb="GetRecord" identifier="oai:docta.ucm.es:20.500.14352/134830" metadataPrefix="marc">https://docta.ucm.es/rest/oai/request</request><GetRecord><record><header><identifier>oai:docta.ucm.es:20.500.14352/134830</identifier><datestamp>2026-04-17T00:10:37Z</datestamp><setSpec>com_20.500.14352_14</setSpec><setSpec>col_20.500.14352_15</setSpec></header><metadata><record xmlns="http://www.loc.gov/MARC21/slim" xmlns:dcterms="http://purl.org/dc/terms/" xmlns:xsi="http://www.w3.org/2001/XMLSchema-instance" xmlns:doc="http://www.lyncode.com/xoai" xsi:schemaLocation="http://www.loc.gov/MARC21/slim http://www.loc.gov/standards/marcxml/schema/MARC21slim.xsd">
   <leader>00925njm 22002777a 4500</leader>
   <datafield ind2=" " ind1=" " tag="042">
      <subfield code="a">dc</subfield>
   </datafield>
   <datafield ind2=" " ind1=" " tag="720">
      <subfield code="a">Blázquez Salcedo, José Luis</subfield>
      <subfield code="e">author</subfield>
   </datafield>
   <datafield ind2=" " ind1=" " tag="720">
      <subfield code="a">Khoo, Fech Scen</subfield>
      <subfield code="e">author</subfield>
   </datafield>
   <datafield ind2=" " ind1=" " tag="720">
      <subfield code="a">Kleihaus, Burkhard</subfield>
      <subfield code="e">author</subfield>
   </datafield>
   <datafield ind2=" " ind1=" " tag="720">
      <subfield code="a">Kunz, Jutta</subfield>
      <subfield code="e">author</subfield>
   </datafield>
   <datafield ind2=" " ind1=" " tag="260">
      <subfield code="c">2025-03-04</subfield>
   </datafield>
   <datafield ind2=" " ind1=" " tag="520">
      <subfield code="a">Quasinormal modes are excited during the ringdown phase of black holes after merger. Determination of quasinormal modes of rapidly rotating black holes in alternative theories of gravity has remained a challenge for a long time. Here we discuss in detail our recently developed method to extract the quasinormal modes for rapidly rotating black holes in Einstein-Gauss-Bonnet-dilaton theory. We first obtain numerically the exact rapidly rotating background solutions, which also clarify their domain of existence. Then we solve the equations for the linear perturbations of the metric and the dilaton field by employing an appropriate set of boundary conditions and a spectral decomposition of the perturbation functions. The resulting spectrum agrees well with the known limits obtained for slow rotation and weak coupling, while it exhibits larger deviations for stronger coupling.</subfield>
   </datafield>
   <datafield ind1="8" ind2=" " tag="024">
      <subfield code="a">J.L. Blázquez-Salcedo, F.S. Khoo, B. Kleihaus, J. Kunz, Quasinormal mode spectrum of rotating black holes in Einstein-Gauss-Bonnet-dilaton theory, Phys. Rev. D 111 (2025) 064015. https://doi.org/10.1103/PhysRevD.111.064015</subfield>
   </datafield>
   <datafield ind1="8" ind2=" " tag="024">
      <subfield code="a">2470-0010</subfield>
   </datafield>
   <datafield ind1="8" ind2=" " tag="024">
      <subfield code="a">10.1103/PhysRevD.111.064015</subfield>
   </datafield>
   <datafield ind1="8" ind2=" " tag="024">
      <subfield code="a">https://hdl.handle.net/20.500.14352/134830</subfield>
   </datafield>
   <datafield ind1="8" ind2=" " tag="024">
      <subfield code="a">2470-0029</subfield>
   </datafield>
   <datafield ind1="8" ind2=" " tag="024">
      <subfield code="a">https: doi.org./10.1103/PhysRevD.111.064015</subfield>
   </datafield>
   <datafield ind1="8" ind2=" " tag="024">
      <subfield code="a">https://journals.aps.org/prd/abstract/10.1103/PhysRevD.111.064015</subfield>
   </datafield>
   <datafield ind2="0" ind1="0" tag="245">
      <subfield code="a">Quasinormal mode spectrum of rotating black holes in Einstein-Gauss-Bonnet-dilaton theory</subfield>
   </datafield>
</record></metadata></record></GetRecord></OAI-PMH>